|
|
|
|
| LEADER |
00827cam a2200229 7i4500 |
| 001 |
0000058653 |
| 005 |
20230622090000.0 |
| 020 |
|
|
|a 9781683670353 (electronic book)
|
| 090 |
0 |
0 |
|a QR46
|b .C65 2020
|
| 100 |
1 |
|
|a De la Maza, Luis M
|
| 245 |
1 |
0 |
|a Color atlas of medical bacteriology
|c Luis M. de la Maza [and three others].
|
| 250 |
|
|
|a Third edition.
|
| 264 |
|
|
|a Washington:
|b John Wiley & Sons, Inc.,
|c 2020.
|
| 300 |
|
|
|a 1 online resource (xiv, 442 pages):
|b color illustrations, text file, PDF.
|
| 336 |
|
|
|a text
|2 rdacontent
|
| 337 |
|
|
|a computer
|2 rdamedia
|
| 338 |
|
|
|a online resource
|2 rdacarrier
|
| 650 |
0 |
0 |
|a Medical bacteriology
|
| 655 |
0 |
0 |
|a Electronic books
|
| 856 |
4 |
2 |
|u http://library.unisel.edu.my/web/guest/mylibrary
|
| 997 |
|
|
|a Health Sciences, Faculty
|
| 999 |
|
|
|a EBO0005024
|b EBOOK
|c EBOOK
|e Electronic resources
|